007220000a220013300045001000026000002450069000263000047000955000033001425200253001757730045004289420008004739520090004819990017005711 aSilva Romero, Ricardo10aTraicionar el Dogma : Todo es por amor y Tacha azul en cartelera aVol.0, núm.10 (Julio, 2006), Página 21 aCrítico de cine de Semana. aA estas alturas, y más de diez años después de la publicación de sus estrictas reglas del juego, por fin esposible determinar cuál es la importancia del llamado Dogma 95 en la accidentada historia del cine. ¿Cumplieron sus mandamientos?0 tArcadia / Andrés Felipe Solano, Editor cANA 001040708HEMaFUSBCbFUSBCd2016-01-26l0o r2016-01-26 00:00:00w2016-01-26yANA c61800d61800